|
|
|
|
| LEADER |
01582cas a2200241 a 4500 |
| 001 |
AALejournalIMF007649 |
| 008 |
230101c9999 xx r poo 0 0eng d |
| 020 |
|
|
|c 5.00 USD
|
| 020 |
|
|
|z 9781451839906
|
| 022 |
|
|
|a 1934-7685
|
| 040 |
|
|
|a BD-DhAAL
|c BD-DhAAL
|
| 110 |
2 |
|
|a International Monetary Fund.
|
| 245 |
1 |
0 |
|a St. Vincent and the Grenadines :
|b Staff Report for the 1999 Article IV Consultation.
|
| 264 |
|
1 |
|a Washington, D.C. :
|b International Monetary Fund,
|c 1999.
|
| 300 |
|
|
|a 1 online resource (38 pages)
|
| 490 |
1 |
|
|a IMF Staff Country Reports
|
| 500 |
|
|
|a <strong>Off-Campus Access:</strong> No User ID or Password Required
|
| 500 |
|
|
|a <strong>On-Campus Access:</strong> No User ID or Password Required
|
| 506 |
|
|
|a Electronic access restricted to authorized BRAC University faculty, staff and students
|
| 520 |
3 |
|
|a This 1999 Article IV Consultation highlights that during 1990-98, St. Vincent and the Grenadines' real annual GDP growth and inflation averaged 4 percent and 3 percent, respectively. Tourism's importance to the economy grew, and agriculture's fell, with other sectors' contributions remaining relatively stable. In 1999, real GDP growth and inflation are expected to slow to about 4 percent and 2 percent, respectively. The overall public sector surplus is expected to increase slightly about 1 percent of GDP.
|
| 538 |
|
|
|a Mode of access: Internet
|
| 830 |
|
0 |
|a IMF Staff Country Reports; Country Report ;
|v No. 1999/141
|
| 856 |
4 |
0 |
|z Full text available on IMF
|u http://elibrary.imf.org/view/journals/002/1999/141/002.1999.issue-141-en.xml
|z IMF e-Library
|